[Event "Dyfed op 45th"]
[Site "Fishguard"]
[Date "2016.02.27"]
[Round "4"]
[White "Bourne, Johnathan"]
[Black "Whale, Michael"]
[Result "1/2-1/2"]
[WhiteElo "2009"]
[BlackElo "1828"]
[PlyCount "72"]
[EventDate "2016.02.26"]
[EventType "swiss"]
[EventRounds "5"]
[EventCountry "WLS"]
[SourceTitle "EXT 2018"]
[Source "ChessBase"]
[SourceDate "2017.10.13"]
[SourceVersion "1"]
[SourceVersionDate "2017.10.13"]
[SourceQuality "1"]

1. e4 e5 2. f4 exf4 3. Bc4 Qh4+ 4. Kf1 d6 5. Nc3 Be6 6. Qe2 Bxc4 7. Qxc4 Nc6 8. Nf3 Qg4 9. d4 0-0-0 10. h3 Qd7 11. Bxf4 Nf6 12. d5 Ne5 13. Bxe5 dxe5 14. Nxe5 Qd6 15. Nf3 Nh5 16. Ne2 Qb4 17. Qxb4 Bxb4 18. a3 Bc5 19. b4 Bb6 20. c4 Be3 21. g4 Nf4 22. Nxf4 Bxf4 23. Kf2 Rde8 24. Rhe1 f6 25. Nd4 h5 26. gxh5 Rxh5 27. Ne6 Be5 28. Nxg7 Bd4+ 29. Ke2 Rxe4+ 30. Kd3 Bxa1 31. Rxe4 Rxh3+ 32. Re3 Rxe3+ 33. Kxe3 Bb2 34. a4 Bc3 35. b5 Kd7 36. Nf5 Be5 1/2-1/2

[Event "Dyfed op 45th"]
[Site "Fishguard"]
[Date "2016.02.26"]
[Round "1"]
[White "Whale, Michael"]
[Black "Zeidler, Sven P"]
[Result "0-1"]
[WhiteElo "1828"]
[BlackElo "2172"]
[PlyCount "118"]
[EventDate "2016.02.26"]
[EventType "swiss"]
[EventRounds "5"]
[EventCountry "WLS"]
[SourceTitle "EXT 2018"]
[Source "ChessBase"]
[SourceDate "2017.10.13"]
[SourceVersion "1"]
[SourceVersionDate "2017.10.13"]
[SourceQuality "1"]

1. e4 d5 2. exd5 Qxd5 3. Nc3 Qa5 4. Bc4 c6 5. d4 Nf6 6. Bd2 Qb6 7. Nge2 Bg4 8. f3 Bf5 9. Na4 Qd8 10. Nac3 e6 11. 0-0 Nbd7 12. Bg5 h6 13. Bh4 Be7 14. Bf2 0-0 15. Ng3 Bg6 16. Nce4 Nb6 17. Bd3 Nfd5 18. c3 Nf4 19. Bc2 h5 20. Ne2 Nfd5 21. Nd2 Bxc2 22. Qxc2 Bg5 23. b3 f5 24. Rfe1 Be3 25. Nf1 Bxf2+ 26. Kxf2 Qh4+ 27. Kg1 Rae8 28. c4 Nf4 29. Nxf4 Qxf4 30. Qd2 Qh4 31. Qf2 Qf6 32. Ng3 g6 33. Ne2 Rf7 34. Nf4 h4 35. Nd3 g5 36. Ne5 Rg7 37. Rad1 Rd8 38. f4 g4 39. Qe2 Nc8 40. c5 Ne7 41. Kh1 Nd5 42. Qd2 Qh6 43. Rf1 Nf6 44. Qe3 Ne4 45. Nd3 Ng3+ 46. Kg1 Nxf1 47. Kxf1 Rgd7 48. Ne5 Rd5 49. Rd2 Qg7 50. Ke1 Qc7 51. Nc4 Re8 52. Nd6 Re7 53. Qc3 Rxd6 54. cxd6 Qxd6 55. Qc5 Qxc5 56. dxc5 e5 57. Re2 Kf7 58. Kd2 exf4 59. Rf2 Re4 0-1

[Event "WLS-ch 60th"]
[Site "Cardiff"]
[Date "2014.04.19"]
[Round "4"]
[White "Buttell, David"]
[Black "Whale, Michael"]
[Result "1/2-1/2"]
[WhiteElo "1875"]
[BlackElo "1864"]
[PlyCount "97"]
[EventDate "2014.04.18"]
[EventType "swiss"]
[EventRounds "7"]
[EventCountry "WLS"]
[SourceTitle "CBM 160 Extra"]
[Source "ChessBase"]
[SourceDate "2014.07.01"]
[SourceVersion "1"]
[SourceVersionDate "2014.07.01"]
[SourceQuality "1"]

1. d4 d5 2. c4 e6 3. Nc3 Nf6 4. Bg5 Be7 5. cxd5 exd5 6. Qc2 c6 7. e3 h6 8. Bh4 Nbd7 9. Bd3 Nb6 10. Nge2 Be6 11. f3 Rc8 12. Bf2 c5 13. Bb5+ Bd7 14. a4 a6 15. Bxd7+ Qxd7 16. a5 Nc4 17. b3 cxd4 18. exd4 Na3 19. Qd3 0-0 20. 0-0 Bb4 21. Na4 Qb5 22. Qxb5 Nxb5 23. Nb6 Rc2 24. Nf4 Bc3 25. Rac1 Rxc1 26. Rxc1 Rd8 27. Na4 Bd2 28. Nd3 Bxc1 29. Nxc1 Rc8 30. Nc5 Rc7 31. N1d3 Nc3 32. Kf1 Nb5 33. Ke2 Kf8 34. Kd2 Ke8 35. Bg3 Re7 36. Be5 Nh5 37. Nb4 f6 38. Bb8 g5 39. Nxd5 Rh7 40. g4 Ng7 41. Ke3 f5 42. h3 f4+ 43. Ke4 Kd8 44. Be5 Ne8 45. Ne6+ Kd7 46. Nc5+ Kd8 47. Ne6+ Kd7 48. Nc5+ Kd8 49. Ne6+ 1/2-1/2

[Event "Coventry e2e4 U1950 op"]
[Site "Coventry"]
[Date "2013.08.26"]
[Round "7"]
[White "Pink, Joshua"]
[Black "Whale, Michael"]
[Result "1/2-1/2"]
[WhiteElo "1759"]
[BlackElo "1745"]
[PlyCount "101"]
[EventDate "2013.08.23"]
[EventType "swiss"]
[EventRounds "7"]
[EventCountry "ENG"]
[SourceTitle "EXT 2015"]
[Source "ChessBase"]
[SourceDate "2014.11.20"]
[SourceVersion "1"]
[SourceVersionDate "2014.11.20"]
[SourceQuality "1"]

1. d4 d5 2. c4 e6 3. Nf3 f5 4. Nc3 c6 5. e3 Nf6 6. Bd3 Be7 7. Qc2 0-0 8. cxd5 cxd5 9. h3 Nc6 10. a3 Ne4 11. g4 Bh4 12. Nd1 Bd7 13. Rg1 Rc8 14. Qe2 Bf6 15. Bd2 e5 16. Nxe5 Bxe5 17. dxe5 Qh4 18. Bxe4 fxe4 19. Qb5 Be6 20. Bc3 Rc7 21. Rg3 Qg5 22. Qe2 Nxe5 23. Bxe5 Qxe5 24. f4 exf3 25. Rxf3 Rxf3 26. Qxf3 Rf7 27. Qe2 Qg3+ 28. Kd2 Qxh3 29. Nf2 Qg3 30. Rf1 Bxg4 31. Nxg4 Rxf1 32. Qxf1 Qxg4 33. Qb5 Qg2+ 34. Kc3 d4+ 35. Kxd4 Qd2+ 36. Ke4 Qg2+ 37. Kd4 Qc6 38. Qb3+ Kf8 39. Kd3 Ke7 40. Qg8 Qb5+ 41. Kc2 Qa4+ 42. b3 Qc6+ 43. Kb2 Qf6+ 44. Kc2 Qf2+ 45. Kd1 Qg1+ 46. Ke2 Qg2+ 47. Ke1 h5 48. Qb8 a6 49. Qe5+ Kf7 50. Qxh5+ Kg8 51. Qe8+ 1/2-1/2

[Event "Coventry e2e4 U1950 op"]
[Site "Coventry"]
[Date "2013.08.26"]
[Round "6"]
[White "Whale, Michael"]
[Black "Smith, Peter K"]
[Result "1-0"]
[WhiteElo "1745"]
[BlackElo "1763"]
[PlyCount "51"]
[EventDate "2013.08.23"]
[EventType "swiss"]
[EventRounds "7"]
[EventCountry "ENG"]
[SourceTitle "EXT 2015"]
[Source "ChessBase"]
[SourceDate "2014.11.20"]
[SourceVersion "1"]
[SourceVersionDate "2014.11.20"]
[SourceQuality "1"]

1. e4 c6 2. d4 d5 3. e5 c5 4. c3 Nc6 5. Nf3 Bg4 6. Be2 e6 7. Nbd2 Qb6 8. dxc5 Bxc5 9. 0-0 Nh6 10. b4 Be7 11. a4 Qc7 12. b5 Na5 13. Bb2 Rc8 14. Re1 Bc5 15. Rc1 Qb6 16. Nd4 Bxe2 17. Qxe2 0-0 18. N4b3 Nxb3 19. Nxb3 Rc7 20. a5 Bxf2+ 21. Qxf2 Qxb5 22. Nd4 Qxa5 23. Ra1 Qc5 24. Ba3 Qc4 25. Bxf8 Kxf8 26. Nxe6+ 1-0

[Event "Coventry e2e4 U1950 op"]
[Site "Coventry"]
[Date "2013.08.24"]
[Round "2"]
[White "Van der Westhuizen, Charles"]
[Black "Whale, Michael"]
[Result "1/2-1/2"]
[WhiteElo "1928"]
[BlackElo "1745"]
[PlyCount "47"]
[EventDate "2013.08.23"]
[EventType "swiss"]
[EventRounds "7"]
[EventCountry "ENG"]
[SourceTitle "EXT 2015"]
[Source "ChessBase"]
[SourceDate "2014.11.20"]
[SourceVersion "1"]
[SourceVersionDate "2014.11.20"]
[SourceQuality "1"]

1. d4 d5 2. c4 e6 3. Nc3 f5 4. Nf3 Nf6 5. Bg5 Be7 6. e3 0-0 7. Be2 c6 8. Ne5 Ne4 9. Bxe7 Qxe7 10. 0-0 Nd7 11. Nxd7 Nxc3 12. bxc3 Bxd7 13. f4 Qa3 14. Qb3 Qxb3 15. axb3 Kf7 16. Ra3 Ke7 17. Rfa1 a6 18. c5 Rab8 19. Ra4 Kf6 20. Rb4 Ke7 21. Rb6 Rfc8 22. Kf2 Kd8 23. c4 Kc7 24. h4 1/2-1/2

[Event "Chester e2e4 op-B"]
[Site "Chester"]
[Date "2013.01.20"]
[Round "4"]
[White "Whale, Michael"]
[Black "Pink, Joshua"]
[Result "0-1"]
[WhiteElo "1774"]
[BlackElo "1787"]
[PlyCount "72"]
[EventDate "2013.01.18"]
[EventType "swiss"]
[EventRounds "7"]
[EventCountry "ENG"]
[SourceTitle "EXT 2015"]
[Source "ChessBase"]
[SourceDate "2014.11.20"]
[SourceVersion "1"]
[SourceVersionDate "2014.11.20"]
[SourceQuality "1"]

1. d4 d5 2. Nf3 Nf6 3. e3 e6 4. Bd3 Nbd7 5. 0-0 c5 6. c3 Bd6 7. Nbd2 0-0 8. Re1 cxd4 9. exd4 Re8 10. Nf1 Nf8 11. Bg5 Ng6 12. Ne5 Qc7 13. Ng4 Nd7 14. Qd2 f6 15. Bxg6 hxg6 16. Bh6 g5 17. Bxg5 fxg5 18. Qxg5 Bf4 19. Qg6 Kf8 20. g3 Bd6 21. Re3 Be7 22. Nh6 gxh6 23. Qxh6+ Kg8 24. Qxe6+ Kg7 25. Qg4+ Kf8 26. Qh5 Nf6 27. Qh6+ Kf7 28. Rf3 Rg8 29. Re1 Bg4 30. Rf4 Rg6 31. Qh7+ Rg7 32. Qh6 Rag8 33. Ne3 Rg6 34. Qh7+ R8g7 35. Rxf6+ Bxf6 36. Nxd5 Qd8 0-1

[Event "Chester e2e4 op-B"]
[Site "Chester"]
[Date "2013.01.19"]
[Round "2"]
[White "Burrows, Nick"]
[Black "Whale, Michael"]
[Result "0-1"]
[WhiteElo "1900"]
[BlackElo "1774"]
[PlyCount "86"]
[EventDate "2013.01.18"]
[EventType "swiss"]
[EventRounds "7"]
[EventCountry "ENG"]
[SourceTitle "EXT 2015"]
[Source "ChessBase"]
[SourceDate "2014.11.20"]
[SourceVersion "1"]
[SourceVersionDate "2014.11.20"]
[SourceQuality "1"]

1. Nf3 d5 2. d4 f5 3. g3 Nf6 4. Bg2 e6 5. 0-0 Be7 6. c4 c6 7. b3 0-0 8. Bb2 Nbd7 9. Nbd2 Ne4 10. Ne1 Nxd2 11. Qxd2 Bd6 12. Nd3 Qe7 13. e3 dxc4 14. bxc4 e5 15. a4 e4 16. Nf4 Nf6 17. d5 g5 18. Ne2 c5 19. Qc3 Bd7 20. a5 Rae8 21. Rfe1 h6 22. Rab1 Qh7 23. Qd2 Bc8 24. Nc3 a6 25. Na4 f4 26. Ba3 f3 27. Bf1 Qc7 28. Rb6 Bd7 29. Rxd6 Bxa4 30. Rb6 Bd7 31. Qb2 Kg7 32. Rxb7 Qc8 33. Bxc5 Rf7 34. Rxd7 Qxd7 35. Bd4 Kg6 36. Rd1 h5 37. Bxf6 Rxf6 38. c5 h4 39. Rd2 hxg3 40. fxg3 Ref8 41. d6 f2+ 42. Kh1 Qg4 43. Rxf2 Rxf2 0-1